000 00842nab a2200253 u 4500
001 21410
003 HDC
007 cr bn ---aaaaa
008 210308b2017mmddmy d||ne||||| 00| 0 may d
040 _aHDC
100 _aAzran Fitri Rahim
_98775
245 0 _aPengeluar makanan berkapsul Jepun pilih Malaysia
_c/ Azran Fitri Rahim
260 _aMalaysia:
_bMedia Mulia,
_c2017
300 _a1 online resource (page 16)
336 _atext
_2rdacontent
337 _acomputer
_2rdamedia
338 _aonline resource
_2rdacarrier
650 _aFood industry and trade
_9140
710 _aUtusan Malaysia
856 _zRequest full-text at [email protected]
942 _2lcc
942 _cNEWS
942 _kNWSC 002712
999 _c18726
_d18726